[Event "22nd Oberwarter Open"]
[Site "Oberwart (Austria)"]
[Date "2000.07.12"]
[Round "5.29"]
[White "PETROCZI, Thomas"]
[Black "ELFERT, Aleksandr"]
[Result "1-0"]
[WhiteElo "2130"]
[BlackElo "2412"]
[PlyCount "95"]
[EventDate "2000.07.12"]

1. d4 d5 2. Nf3 c6 3. Bf4 Nf6 4. c3 Nbd7 5. h3 e6 6. Nbd2 Be7 7. e3 O-O 8. Bd3
Re8 9. O-O Bf8 10. Qc2 h6 11. Rfe1 Nh5 12. Bh2 f5 13. Ne5 Nxe5 14. Bxe5 Bd6 15.
Nf3 Nf6 16. Bxd6 Qxd6 17. Ne5 Qd8 18. b4 Nd7 19. Nxd7 Bxd7 20. f3 a5 21. a3
axb4 22. axb4 Rxa1 23. Rxa1 Qg5 24. f4 Qe7 25. Ra7 Rb8 26. Qa2 Qh4 27. Qf2 Qd8
28. Qa2 g5 29. Qa5 b6 30. Qa3 Be8 31. Be2 gxf4 32. exf4 Qh4 33. Qc1 Qg3 34. Bf3
Bf7 35. Qe3 e5 36. dxe5 Be6 37. Qd2 Kf8 38. Bh5 c5 39. Qf2 Qxf2+ 40. Kxf2 cxb4
41. cxb4 d4 42. g4 Rc8 43. gxf5 Rc2+ 44. Ke1 Bb3 45. e6 Kg8 46. e7 Bf7 47. Ra8+
Kg7 48. Bxf7 {.} 1-0

[Event "22nd Oberwarter Open"]
[Site "Oberwart (Austria)"]
[Date "2000.07.12"]
[Round "5.30"]
[White "ZSINKA, Laszlo"]
[Black "FRUEHAUF, Norbert"]
[Result "1-0"]
[WhiteElo "2342"]
[BlackElo "2102"]
[PlyCount "125"]
[EventDate "2000.07.12"]

1. d4 Nf6 2. c4 g6 3. Nc3 Bg7 4. e4 d6 5. f3 O-O 6. Be3 Nc6 7. Nge2 a6 8. Qd2
Bd7 9. Nc1 e5 10. d5 Ne7 11. Bd3 Ne8 12. N1e2 Kh8 13. O-O-O c6 14. Kb1 cxd5 15.
cxd5 f5 16. Rc1 Nf6 17. h3 Qa5 18. Rc2 Rfc8 19. Rhc1 b5 20. Nd1 Qd8 21. Rxc8
Rxc8 22. Qb4 Rxc1+ 23. Nxc1 Qc7 24. Nb3 Nc8 25. Qa5 Qxa5 26. Nxa5 Ne8 27. Kc2
Bf6 28. Kb3 Bh4 29. Kb4 Be1+ 30. Nc3 f4 31. Bg1 Nf6 32. Nb3 Ne7 33. Ka5 Nexd5
34. exd5 Nxd5 35. Be2 Bc8 36. Nc1 Kg7 37. a3 Nxc3 38. bxc3 Bxc3+ 39. Kb6 Bb2
40. Kc7 Bxc1 41. Kxc8 Bxa3 42. Kb7 a5 43. Bxb5 Kf6 44. Bb6 Bb4 45. Kc6 Ke7 46.
Kd5 Be1 47. Bc7 Bb4 48. Ba4 Ba3 49. Bxa5 Bc5 50. Be1 Ba3 51. Bh4+ Kf7 52. Bb3
h6 53. Kc6+ Kg7 54. Be7 g5 55. Bxd6 Bb2 56. Bd5 Kf6 57. Kd7 Bc3 58. Be4 Bd4 59.
Be7+ Kf7 60. Bf5 Bc3 61. Bg4 Kg6 62. Ke6 h5 63. Bf5+ 1-0

[Event "22nd Oberwarter Open"]
[Site "Oberwart (Austria)"]
[Date "2000.07.12"]
[Round "5.31"]
[White "SINGER, Richard"]
[Black "PIELER, Markus"]
[Result "1-0"]
[WhiteElo "2337"]
[BlackElo "2067"]
[PlyCount "59"]
[EventDate "2000.07.12"]

1. d4 f5 2. e4 fxe4 3. Nc3 Nf6 4. Bg5 Nc6 5. d5 Ne5 6. Qd4 Nf7 7. h4 b6 8.
O-O-O Bb7 9. Bc4 Nd6 10. Nh3 c5 11. dxc6 Bxc6 12. Rhe1 Qc7 13. Bf4 O-O-O 14.
Ng5 Re8 15. Ba6+ Bb7 16. Bxb7+ Qxb7 17. Bxd6 exd6 18. Nf7 d5 19. Nb5 Kb8 20.
Nxh8 Bc5 21. Qc3 Rxh8 22. b4 Bxf2 23. Qe5+ Ka8 24. Nc7+ Kb8 25. Nxd5+ Ka8 26.
Re2 e3 27. Nc7+ Kb8 28. Nb5+ Ka8 29. Rd3 a6 30. Nc7+ 1-0

[Event "22nd Oberwarter Open"]
[Site "Oberwart (Austria)"]
[Date "2000.07.12"]
[Round "5.33"]
[White "HOPFGARTNER, Heinz"]
[Black "CSONKA, Attila"]
[Result "0-1"]
[WhiteElo "2129"]
[BlackElo "2310"]
[PlyCount "92"]
[EventDate "2000.07.12"]

1. c4 e5 2. Nc3 Nf6 3. g3 d5 4. cxd5 Nxd5 5. Bg2 Nb6 6. Nf3 Nc6 7. O-O Be7 8.
a3 O-O 9. b4 Re8 10. Rb1 Bf8 11. d3 Nd4 12. Ng5 c6 13. f4 h6 14. Nf3 Nxf3+ 15.
Bxf3 Qd4+ 16. e3 Qd6 17. fxe5 Qxe5 18. d4 Qd6 19. e4 Bh3 20. Re1 Rad8 21. Ne2
g5 22. g4 Qd7 23. Ng3 Qxd4+ 24. Be3 Qxd1 25. Rbxd1 Nc4 26. Kf2 Ne5 27. Nh5 Bg7
28. Nxg7 Kxg7 29. Kg3 Nxf3 30. Kxf3 h5 31. gxh5 Kh6 32. Rg1 Rxd1 33. Rxd1 Kxh5
34. Rg1 f6 35. Rc1 Bg4+ 36. Kf2 Rxe4 37. Bxa7 Re2+ 38. Kg1 Bf3 39. a4 Rg2+ 40.
Kf1 Rxh2 41. a5 Rb2 42. Bc5 f5 43. Kg1 f4 44. Rf1 g4 45. Rf2 Rxf2 46. Kxf2 Bd5
0-1

[Event "22nd Oberwarter Open"]
[Site "Oberwart (Austria)"]
[Date "2000.07.12"]
[Round "5.34"]
[White "RIHA, Alexander"]
[Black "WOHLFAHRT, Herbert"]
[Result "0-1"]
[WhiteElo "2103"]
[BlackElo "2284"]
[PlyCount "64"]
[EventDate "2000.07.12"]

1. d4 Nf6 2. c4 g6 3. Nc3 Bg7 4. e4 d6 5. g3 O-O 6. Bg2 Nc6 7. Nge2 a6 8. O-O
Rb8 9. a4 Na5 10. Qd3 c5 11. d5 Nd7 12. Rb1 Ne5 13. Qc2 Naxc4 14. Nd1 Nb6 15.
Ne3 Ng4 16. Nc4 Nxc4 17. Qxc4 Bd7 18. f4 e6 19. h3 exd5 20. exd5 Nf6 21. g4 b5
22. axb5 Bxb5 23. Qc2 Re8 24. Re1 Qe7 25. Bd2 Bxe2 26. Bf3 Qb7 27. Rxe2 Rxe2
28. Bxe2 Qxd5 29. Bxa6 Ne4 30. Bc3 Bd4+ 31. Bxd4 Qxd4+ 32. Kh2 Nd2 0-1

[Event "22nd Oberwarter Open"]
[Site "Oberwart (Austria)"]
[Date "2000.07.12"]
[Round "5.35"]
[White "HUBER, Wolfgang"]
[Black "KARNER, Christoph"]
[Result "1/2-1/2"]
[WhiteElo "2109"]
[BlackElo "2280"]
[PlyCount "48"]
[EventDate "2000.07.12"]

1. e4 c5 2. Nf3 d6 3. Nc3 Nf6 4. b3 e5 5. g3 Nc6 6. Bg2 g6 7. Bb2 Bg7 8. O-O
O-O 9. d3 Rb8 10. a4 h6 11. h3 Be6 12. Kh2 d5 13. Nh4 d4 14. Ne2 Nh5 15. Bc1
Kh7 16. Bf3 Nf6 17. Bg2 Nh5 18. Bf3 Bf6 19. Bxh5 Bxh4 20. Bf3 Bg5 21. Ba3 Be7
22. Bg2 Bd6 23. Bc1 g5 24. g4 a6 {.} 1/2-1/2

[Event "22nd Oberwarter Open"]
[Site "Oberwart (Austria)"]
[Date "2000.07.13"]
[Round "6.1"]
[White "KRIVOSHEY, Sergei"]
[Black "RUCK, Robert"]
[Result "1/2-1/2"]
[WhiteElo "2429"]
[BlackElo "2489"]
[PlyCount "57"]
[EventDate "2000.07.13"]

1. d4 Nf6 2. c4 g6 3. Nc3 d5 4. cxd5 Nxd5 5. e4 Nxc3 6. bxc3 Bg7 7. Nf3 c5 8.
Rb1 O-O 9. Be2 cxd4 10. cxd4 Qa5+ 11. Qd2 Qxd2+ 12. Bxd2 b6 13. O-O Bb7 14. d5
Rc8 15. Rfc1 Nd7 16. Be3 Nf6 17. Nd2 e6 18. dxe6 Nxe4 19. Bf3 Nd6 20. exf7+
Kxf7 21. Nc4 Rxc4 22. Bxb7 Rxc1+ 23. Rxc1 Nxb7 24. Rc7+ Ke6 25. Rxg7 Rd8 26.
Kf1 Rd7 27. Rxd7 Kxd7 28. Ke2 Ke6 29. Kd3 {.} 1/2-1/2

[Event "22nd Oberwarter Open"]
[Site "Oberwart (Austria)"]
[Date "2000.07.13"]
[Round "6.2"]
[White "SHARIYAZDANOV, Andrey"]
[Black "KUPREICHIK, Viktor"]
[Result "1-0"]
[WhiteElo "2582"]
[BlackElo "2472"]
[Annotator "GM A. SHARIYAZDANOV"]
[PlyCount "90"]
[EventDate "2000.07.13"]

1. d4 e6 2. c4 d5 3. Nc3 c5 4. cxd5 exd5 5. Nf3 Nc6 6. g3 Nf6 7. Bg2 Be7 8. O-O
O-O 9. Bg5 cxd4 10. Nxd4 h6 11. Be3 Bg4 ({Gewoehnlich setzt Schwarz hier mit} 
11... Re8 {fort, z.B.:} 12. Rc1 Bg4 13. h3 Be6 14. Kh2 Qd7 15. Qc2 Rac8 16.
Rfd1 Bc5 17. Qa4 b6 18. Nc2 Red8 19. Nd4 {
1/2-1/2,  D. Komarow-R. Ponomariow, Donetsk 1998}) 12. h3 Be6 13. Rc1 Rc8 14.
Nxc6 {><c5, d5} 14... bxc6 15. Na4 Qd7 16. Kh2 Rfd8 (16... Rfd8 {Einladung zu}
17. Bc5 d4 18. Bxe7 Qxe7 19. Bxc6 $2 Bxh3 20. Kxh3 $140 Qe6+ {
nebst 21. ... Txc6, mit klarem Vorteil fuer Schwarz.}) 17. Nc5 $1 {Mit dem Text
zug sichert sich Weiss einen zwar kleinen, jedoch dauerhaften Vorteil.} 17...
Qc7 18. Qa4 Nd7 19. Nxd7 ({Unklar ist} 19. Nxe6 fxe6 20. Qg4 Kf7 21. Bd4) 19...
Rxd7 20. b4 $1 Qb7 21. a3 a6 $6 ({Etwas besser war} 21... Bf6) 22. Bd4 a5 $6 ({
Geboten war} 22... Qb5) 23. f4 $1 Bf5 $8 ({
Die einzige vernuenftige Verteidigung. Nach} 23... f5 $6 24. Qxa5 Ra8 25. Qb6 {
gliche die schwarze Stellung einer Ruine.}) 24. bxa5 Qa6 25. Bb6 Rd6 $8 ({
Was sonst?} 25... Qxe2 $2 26. Rxc6 Rxc6 27. Qxc6 Be4 {
pariert Weiss siegreich mit} 28. Rf2) 26. Rfe1 Re6 27. e4 $1 Bxe4 28. Bxe4 dxe4
{#} 29. f5 $1 {Weiss hat nun deutliches Uebergewicht. Unergiebig waere hingegen
} (29. Rxe4 $2 {wegen} 29... Qd3 {z.B.:} 30. Rxe6 Qd2+ 31. Re2 Qxe2+) 29... Re5
30. Qc4 $1 {(?!)} ({Nur so! Nichts erreicht Weiss mit} 30. Rxe4 Qd3 31. Rxe5 ({
Besser war jedoch nach Fritz6} 31. Rce1 $5 Qd2+ 32. Kg1 Qxe1+ 33. Rxe1 Rxe1+
34. Kf2 Ra1 35. Qd4 Ra2+ 36. Kf1 {mit einigem Uebergewicht fuer Weiss}) 31...
Qd2+ 32. Bf2 Qxf2+ 33. Kh1 Qf3+ 34. Kh2) 30... Qxc4 $2 ({
Nun behaelt Weiss Recht. Nach der korrekten Erwiderung} 30... Qb7 {
waere Schwarz zumindest nicht schlechter gestanden.}) 31. Rxc4 Rxf5 32. Rcxe4
Bc5 33. a4 $1 Kf8 34. Rc4 Bd6 35. Kg2 {
Danach ist der Tag fuer Weiss entschieden.} 35... Rd5 36. Re3 {
Verhindert ... Td3} 36... c5 37. a6 f5 38. a7 Kf7 39. Rc2 $1 {
Mit der Absicht ... Tce2.} 39... g5 40. Rce2 f4 41. Re8 $1 Rxe8 42. Rxe8 Rd2+
43. Kf1 Kxe8 (43... fxg3 {beantwortet Weiss mit} 44. Re2) 44. a8=Q+ Kf7 45.
gxf4 gxf4 {und Schwarz gab gleichzeitig auf.} 1-0

[Event "22nd Oberwarter Open"]
[Site "Oberwart (Austria)"]
[Date "2000.07.13"]
[Round "6.3"]
[White "STANEC, Nikolaus"]
[Black "RASHKOVSKY, Nukhim"]
[Result "1/2-1/2"]
[WhiteElo "2484"]
[BlackElo "2508"]
[PlyCount "35"]
[EventDate "2000.07.13"]

1. e4 c5 2. Nc3 d6 3. f4 Nc6 4. Nf3 g6 5. Bb5 Bg7 6. O-O Bd7 7. d3 a6 8. Bxc6
Bxc6 9. Qe1 Nf6 10. Rb1 O-O 11. f5 e6 12. Qh4 Nd7 13. Qh3 exf5 14. exf5 Ne5 15.
Nxe5 Bxe5 16. Ne4 Bxe4 17. dxe4 g5 18. Be3 1/2-1/2

[Event "22nd Oberwarter Open"]
[Site "Oberwart (Austria)"]
[Date "2000.07.13"]
[Round "6.4"]
[White "EINGORN, Vereslav"]
[Black "WEINZETTL, Ernst"]
[Result "1/2-1/2"]
[WhiteElo "2586"]
[BlackElo "2409"]
[Annotator "OEM LOTHAR KARRER"]
[PlyCount "66"]
[EventDate "2000.07.13"]

1. c4 Nf6 2. Nf3 g6 3. g3 Bg7 4. Bg2 O-O 5. d4 d6 6. O-O Nc6 7. Nc3 a6 8. Bg5
h6 9. Bd2 e5 ({In der Partie Ftacnik-Stohl, Ostau 1994, geschah} 9... Bg4 10.
d5 Na5 11. b3 b5 12. Qc1 Kh7 13. Qa3 Nb7 14. cxb5 axb5 15. Qb4 Bd7 16. a4 Nc5
17. axb5 Nxd5 {mit kompliziertem Spiel und Chancen fuer beide Seiten.}) 10. d5
Nd4 11. Ne1 c5 {Ein neuer Zug. Bekannt sind:} (11... Bd7 12. e3 Nf5 13. Nd3 {
Bereitet c4-c5 vor.} 13... Qe7 {Mit der Absicht, e5-e4 zu spielen.} 14. e4 Nd4
15. Ne2 Nxe2+ 16. Qxe2 {mit geringfuegig besserem Spiel fuer Weiss,
Lerner-Bologan, Nikolajew (1/2:1/2; 40)}) (11... Re8 12. e3 Nf5 13. Ne4 Nxe4
14. Bxe4 h5 15. Bc3 Nh6 16. Bg2 h4 17. e4 Ng4 18. Qe2 hxg3 19. fxg3 c6 20. Bf3
Nf6 21. Ng2 cxd5 22. cxd5 Bd7 23. Qf2 Rf8 24. Ne3 Bh6 25. Rfe1 Rc8 26. a4 Kg7
27. a5 Nh7 28. Bg2 f5 29. h4 f4 30. gxf4 Bxf4 31. Bf3 Bh3 32. Rad1 Qf6 33. Ng2
Rf7 34. Rd3 Rcf8 35. Nxf4 Qxf4 36. Bd2 Qf6 {mit etwas besserem Spiel fuer
Schwarz, Salow-Tkatschiew, Groningen 1997 (0-1; 39)}) 12. dxc6 Nxc6 13. Nc2 Rb8
({In Betracht kam auch} 13... Be6) 14. Ne3 Nd4 $6 ({Ausgleich versprach} 14...
Ne7 $1) 15. Ned5 b5 16. Nxf6+ Qxf6 17. e3 Nf5 18. cxb5 axb5 19. Nd5 Qd8 20. Bb4
$1 h5 ({Natuerlicher erscheint} 20... Re8) 21. Rc1 {
Das weisse Spiel ist nun klar vorzuziehen.} 21... h4 22. g4 ({
Hier versaeumt es der erfahrene ukrainische GM seinen Vorteil mit etwa} 22. Qd3
Be6 23. Rfd1 {zu verdichten.}) 22... h3 ({
Verstaendlich, dass Weinzettl die Fortsetzung} 22... Nh6 23. f3 f5 24. Rc7 Rf7
25. Ba5 Qg5 {nichts destotrotz bestand in ihr gegenueber der Textfortsetzung
das geringere Uebel.}) 23. Bxh3 Nh6 24. Qf3 ({Etwas nachhaltiger war} 24. f3 f5
25. Rc7 Rf7 26. Rxf7 Nxf7 27. gxf5 gxf5 28. Qd3) 24... f5 25. gxf5 Bxf5 ({
Eine Spur besser, wenn auch ebenfalls klar vorteilhaft fuer Weiss war} 25...
Nxf5) 26. Rc7 ({
Der Textzug sollte zwar ebenfalls zum Gewinn reichen, doch waere Schwarz nach} 
26. e4 {voellig paralysiert gewesen.}) 26... e4 27. Qg2 $4 ({
Ein voelliger Missgriff. Mit} 27. Qg3 $1 {
konnte der Anziehende den Tag problemlos zu seinen Gunsten entscheiden, z.B.}
27... Rf7 28. Bxf5 Nxf5 29. Qxg6 Rxc7 30. Nxc7 Qf6 (30... Qxc7 31. Qxf5) 31.
Qg4 Qf7 32. Qxe4) 27... Bxh3 {
Nun diktiert ploetzlich der Nachziehende das Geschehen.} 28. Qxg6 Rf7 29. Bc3
$2 ({Mit dem Textzug stellt Weiss eine Figur ein. Eingorn  steht offenbar
unter dem Schock, dass sich die Partie gedreht hat. Andernfalls haette er wohl
mit} 29. Rfc1 {und besseren Verteidigungschancen als in der Partie fortgesetzt.
}) 29... Rxc7 30. Nf6+ Kf8 ({Schwarz begnuegt sich hier und zwei Zuege spaeter
mit Zugwiederholung, anstatt mit} 30... Qxf6 31. Bxf6 Rf8 32. Bd4 Bxf1 {
seine Gewinnchancen wahrzunehmen.}) 31. Nh7+ Kg8 32. Nf6+ Kf8 33. Nh7+ Kg8 {.}
1/2-1/2

[Event "22nd Oberwarter Open"]
[Site "Oberwart (Austria)"]
[Date "2000.07.13"]
[Round "6.5"]
[White "BURMAKIN, Vladimir"]
[Black "VUKOVIC, Ivo"]
[Result "1/2-1/2"]
[WhiteElo "2538"]
[BlackElo "2272"]
[PlyCount "112"]
[EventDate "2000.07.13"]

1. d4 Nf6 2. Nf3 e6 3. c4 b6 4. a3 Bb7 5. Nc3 d6 6. d5 e5 7. e4 Nbd7 8. b4 Be7
9. Bd3 O-O 10. Be3 a5 11. O-O Nh5 12. g3 g6 13. Qc2 Ng7 14. Bh6 Bc8 15. Na4 Nf6
16. c5 axb4 17. axb4 bxc5 18. bxc5 Ng4 19. cxd6 cxd6 20. Bxg7 Kxg7 21. Rab1 Nf6
22. Rfc1 Bd7 23. Nb6 Rb8 24. Qc7 Bg4 25. Nd2 Nd7 26. Nxd7 Rxb1 27. Nxb1 Qxd7
28. Qxd7 Bxd7 29. Rc7 Rd8 30. Kg2 Kf8 31. Nd2 Ke8 32. Nc4 Rb8 33. Ra7 Bb5 34.
Ra5 Bxc4 35. Bxc4 Rb7 36. Bb5+ Kf8 37. h4 Kg7 38. Bc6 Rb8 39. Ra7 Bf8 40. g4 h6
41. g5 hxg5 42. hxg5 Kg8 43. Kg3 Rb3+ 44. f3 Rb8 45. Kg4 Rd8 46. Rc7 Rb8 47.
Rd7 Rb1 48. Rc7 Rg1+ 49. Kh4 Rh1+ 50. Kg3 Rg1+ 51. Kf2 Rxg5 52. Be8 f5 53. Bd7
fxe4 54. Be6+ Kh8 55. fxe4 Rh5 56. Kg3 Rh7 {.} 1/2-1/2

[Event "22nd Oberwarter Open"]
[Site "Oberwart (Austria)"]
[Date "2000.07.13"]
[Round "6.6"]
[White "DOBROV, Vladimir"]
[Black "LOGINOV, Valery"]
[Result "1-0"]
[WhiteElo "2339"]
[BlackElo "2514"]
[PlyCount "105"]
[EventDate "2000.07.13"]

1. d4 Nf6 2. c4 g6 3. Nc3 Bg7 4. e4 d6 5. Be2 O-O 6. Nf3 e5 7. O-O Nc6 8. d5
Ne7 9. b4 Nh5 10. Re1 h6 11. Nd2 Nf4 12. Bf1 a5 13. bxa5 c5 14. a4 Kh8 15. Ra3
Ng8 16. Nb5 Ra6 17. g3 Nh5 18. Be2 Nhf6 19. Bb2 Nd7 20. Qa1 Qxa5 21. Bc3 Qd8
22. f4 Re8 23. Nf3 f6 24. Nh4 Nf8 25. f5 Ne7 26. g4 g5 27. Ng2 Nh7 28. Bd1 Ng8
29. a5 Bf8 30. Qc1 Re7 31. Re3 Rg7 32. Be1 Be7 33. Bd2 Rf7 34. Ne1 Kg7 35. Nd3
Kh8 36. Nb2 Nf8 37. Na4 Nd7 38. Qa1 Rh7 39. Nb6 Bf8 40. Reb3 Nb8 41. Rb2 Bd7
42. Qb1 Be8 43. Nc3 Ra7 44. Nb5 Ra6 45. Na4 Qd7 46. Nbc3 Ra7 47. Rab3 Qg7 48.
Nb5 Ra6 49. Nc7 Bxa4 50. Rxb7 Bxd1 51. Nxa6 Nd7 52. Qxd1 h5 53. Nb8 1-0

[Event "22nd Oberwarter Open"]
[Site "Oberwart (Austria)"]
[Date "2000.07.13"]
[Round "6.7"]
[White "WEGERER, Fred"]
[Black "ALMASI, Istvan"]
[Result "0-1"]
[WhiteElo "2175"]
[BlackElo "2429"]
[PlyCount "122"]
[EventDate "2000.07.13"]

1. Nf3 c5 2. g3 Nc6 3. Bg2 g6 4. c4 Bg7 5. Nc3 d6 6. Rb1 Nh6 7. a3 O-O 8. h4
Bg4 9. Nh2 Bd7 10. h5 Qc8 11. hxg6 fxg6 12. Nf3 Ng4 13. Nd5 e6 14. Nf4 e5 15.
Nh3 h6 16. d3 g5 17. Nd2 Nf6 18. Ng1 Nd4 19. Ne4 Nxe4 20. Bxe4 Bc6 21. e3 Ne6
22. Ne2 g4 23. Nc3 Ng5 24. Nd5 Rf7 25. Rh4 Qf8 26. Qxg4 Rxf2 27. Ne7+ Qxe7 28.
Bxc6 Raf8 29. Bd5+ Kh8 30. Kd1 Rf1+ 31. Kc2 e4 32. Bxe4 R8f2+ 33. Kb3 Qd8 34.
d4 Qb6+ 35. Ka4 Qa6+ 36. Kb3 Qb6+ 37. Ka4 d5 38. Bxd5 Qa6+ 39. Kb3 Qb6+ 40. Ka4
Qa6+ 41. Kb3 Qb6+ 42. Ka4 Qg6 43. Be4 Qa6+ 44. Kb3 Qb6+ 45. Ka4 Nxe4 46. Qxe4
cxd4 47. exd4 Rf3 48. Qe8+ Rf8 49. Qb5 Qg6 50. Bxh6 Rxb1 51. Bxg7+ Kxg7 52.
Qxb7+ Rf7 53. Qc8 Qc2+ 54. Ka5 Qf5+ 55. Qxf5 Rxf5+ 56. d5 Rxb2 57. Rd4 Kf6 58.
c5 Ke5 59. Rd1 Rf3 60. a4 Rc3 61. c6 Rb6 0-1

[Event "22nd Oberwarter Open"]
[Site "Oberwart (Austria)"]
[Date "2000.07.13"]
[Round "6.8"]
[White "KRSTIC, Uros"]
[Black "LERNER, Konstantin"]
[Result "0-1"]
[WhiteElo "2375"]
[BlackElo "2583"]
[PlyCount "66"]
[EventDate "2000.07.13"]

1. e4 c5 2. Nf3 d6 3. d4 cxd4 4. Nxd4 Nf6 5. Nc3 Nc6 6. Bc4 e6 7. O-O Be7 8.
Kh1 O-O 9. f4 d5 10. Nxc6 bxc6 11. Bd3 c5 12. e5 Nd7 13. b3 f5 14. exf6 Nxf6
15. Ne2 Bd6 16. Ng3 e5 17. Nf5 Bc7 18. fxe5 Bxe5 19. Rb1 Bxf5 20. Bxf5 Qd6 21.
g3 g6 22. Bd3 Nh5 23. Rxf8+ Rxf8 24. Bh6 Bg7 25. Bxg7 Kxg7 26. Qe2 Nf6 27. Re1
Re8 28. Qd1 Ng4 29. Kg1 Qf6 30. Qa1 d4 31. Rf1 Qg5 32. Qc1 Re3 33. Qd1 Nxh2 0-1

[Event "22nd Oberwarter Open"]
[Site "Oberwart (Austria)"]
[Date "2000.07.13"]
[Round "6.9"]
[White "LENDWAI, Reinhard"]
[Black "DVOIRYS, Semen"]
[Result "0-1"]
[WhiteElo "2361"]
[BlackElo "2562"]
[PlyCount "80"]
[EventDate "2000.07.13"]

1. e4 c5 2. c3 Nf6 3. e5 Nd5 4. Nf3 d6 5. d4 cxd4 6. Qxd4 e6 7. Qe4 Nd7 8. Bc4
N5b6 9. Bb5 a6 10. Bxd7+ Nxd7 11. O-O Qc7 12. Bf4 dxe5 13. Nxe5 Bd6 14. Re1 Nc5
15. Qf3 O-O 16. Bg3 f6 17. Nc4 Bxg3 18. hxg3 b5 19. Ne3 Bb7 20. Qe2 Rad8 21.
Na3 Be4 22. Red1 Bd3 23. Qf3 Na4 24. Nd5 Rxd5 25. Rxd3 Rxd3 26. Qxd3 Nxb2 27.
Qc2 Na4 28. c4 Qd6 29. Qb3 Qe5 30. Rc1 Nc5 31. Qb1 b4 32. Re1 Qc3 33. Nc2 a5
34. Ne3 Rd8 35. Rc1 Qd3 36. Qa1 Qe4 37. Re1 Rd2 38. Nd5 Qd4 39. Qxd4 Rxd4 40.
Nb6 Rd2 0-1

[Event "22nd Oberwarter Open"]
[Site "Oberwart (Austria)"]
[Date "2000.07.13"]
[Round "6.10"]
[White "BALINOV, Ilia"]
[Black "MEDVEGY, Nora"]
[Result "1-0"]
[WhiteElo "2453"]
[BlackElo "2350"]
[PlyCount "127"]
[EventDate "2000.07.13"]

1. e4 c5 2. Nf3 e6 3. c3 Nf6 4. e5 Nd5 5. d4 cxd4 6. cxd4 b6 7. Bc4 Ba6 8. Bxd5
exd5 9. Nc3 d6 10. Bg5 Qd7 11. Rc1 Nc6 12. Qa4 Bb7 13. O-O dxe5 14. Nb5 a6 15.
Nc7+ Qxc7 16. Nxe5 b5 17. Qc2 f6 18. Nxc6 Bxc6 19. Bf4 Bd6 20. Bxd6 Qxd6 21.
Qxc6+ Qxc6 22. Rxc6 Kd7 23. Rc5 Kd6 24. Rfc1 Ra7 25. f3 Re8 26. Kf2 Ree7 27.
Rc6+ Kd7 28. R1c5 Re6 29. Rc8 Rd6 30. Rg8 Ke6 31. h4 Kf7 32. Rgc8 Re7 33. R8c6
Ree6 34. Rc7+ Re7 35. h5 f5 36. b4 g5 37. R7c6 Rxc6 38. Rxc6 Re6 39. Rc7+ Re7
40. Rc5 Rd7 41. Rc6 f4 42. a3 Ra7 43. Rd6 Rc7 44. Rxd5 Rc2+ 45. Kg1 Kf6 46. Kh2
Ra2 47. Kh3 Rxa3 48. Kg4 Ra2 49. Rd6+ Ke7 50. Rh6 Rxg2+ 51. Kf5 g4 52. Rxh7+
Kd6 53. fxg4 f3 54. Rf7 f2 55. Kg5 Rh2 56. h6 Kd5 57. Rf4 Kc4 58. Kg6 a5 59.
bxa5 b4 60. h7 b3 61. Rxf2 Rxf2 62. h8=Q b2 63. Qb8 Kc3 64. a6 1-0

[Event "22nd Oberwarter Open"]
[Site "Oberwart (Austria)"]
[Date "2000.07.13"]
[Round "6.11"]
[White "DANNER, Georg"]
[Black "LAKOS, Nikoletta"]
[Result "1-0"]
[WhiteElo "2437"]
[BlackElo "2327"]
[PlyCount "97"]
[EventDate "2000.07.13"]

1. d4 d5 2. Nf3 Nf6 3. c4 c6 4. e3 e6 5. Nbd2 Nbd7 6. Bd3 Bd6 7. O-O O-O 8. e4
e5 9. cxd5 cxd5 10. exd5 exd4 11. Ne4 Nxe4 12. Bxe4 Nf6 13. Bc2 Bg4 14. h3 Bxf3
15. Qxf3 Rc8 16. Bb3 Qe7 17. Bf4 Rfd8 18. Rfe1 Qd7 19. Rad1 Bc5 20. Be5 Re8 21.
Bxf6 gxf6 22. Bc2 Bd6 23. Bd3 Rcd8 24. Qh5 Re5 25. Bxh7+ Kf8 26. Qh6+ Ke7 27.
Re4 Qa4 28. Qd2 Rh8 29. Rxe5+ Bxe5 30. Be4 Rh4 31. Re1 Kf8 32. a3 Qb3 33. d6
Qe6 34. Bxb7 Qxd6 35. Be4 Qb6 36. Bd3 Bb8 37. Re4 Rh5 38. Qe2 Re5 39. Rxe5 Bxe5
40. g3 Qc5 41. Kh2 a5 42. h4 Qc1 43. Kg2 Qc6+ 44. Qf3 Qxf3+ 45. Kxf3 f5 46. b4
axb4 47. axb4 f4 48. g4 Bc7 49. Ke4 1-0

[Event "22nd Oberwarter Open"]
[Site "Oberwart (Austria)"]
[Date "2000.07.13"]
[Round "6.12"]
[White "KOVACS, Gabor"]
[Black "MEDVEGY, Zoltan"]
[Result "1/2-1/2"]
[WhiteElo "2348"]
[BlackElo "2428"]
[PlyCount "73"]
[EventDate "2000.07.13"]

1. d4 f5 2. Nf3 Nf6 3. g3 g6 4. Bg2 Bg7 5. O-O O-O 6. b3 d6 7. Bb2 Qe8 8. Nbd2
Nbd7 9. c4 e5 10. dxe5 dxe5 11. e4 f4 12. c5 fxg3 13. hxg3 Kh8 14. Qc2 Qe6 15.
Rac1 c6 16. a3 Ng8 17. b4 Nh6 18. Nc4 Nf7 19. Rfd1 Qe7 20. Bh3 Qf6 21. Qe2 Nb6
22. Bxc8 Nxc4 23. Rxc4 Raxc8 24. Rc2 Rcd8 25. Rcd2 Qe7 26. Kg2 Rxd2 27. Rxd2
Rd8 28. Qd1 Rxd2 29. Qxd2 Kg8 30. Qd3 Qe6 31. Bc1 Bf6 32. Be3 Kf8 33. Nd2 Ke7
34. Nc4 Qd7 35. Qe2 h5 36. Bc1 Kd8 37. Be3 {.} 1/2-1/2

[Event "22nd Oberwarter Open"]
[Site "Oberwart (Austria)"]
[Date "2000.07.13"]
[Round "6.13"]
[White "BRANDNER, Stefan"]
[Black "GAGARIN, Vasilij"]
[Result "0-1"]
[WhiteElo "2344"]
[BlackElo "2395"]
[PlyCount "142"]
[EventDate "2000.07.13"]

1. d4 f5 2. Nf3 Nf6 3. Bf4 e6 4. e3 Be7 5. h3 O-O 6. Be2 b6 7. Nbd2 Bb7 8. c3
c5 9. dxc5 Bxc5 10. Nc4 d5 11. Nce5 Ne4 12. h4 Nd7 13. Nxd7 Qxd7 14. Ne5 Qe7
15. h5 Bd6 16. Qd4 Bc5 17. Qa4 Rad8 18. f3 Nf6 19. h6 g6 20. Nd3 e5 21. Nxc5
bxc5 22. Bg5 f4 23. e4 dxe4 24. fxe4 Kh8 25. O-O Rd2 26. Bf3 Bc8 27. Rad1 Rxb2
28. Qc6 Rb6 29. Bxf6+ Qxf6 30. Qxc5 g5 31. Rd5 Qxh6 32. Rfd1 Rc6 33. Qe7 Qf6
34. Rxe5 Qxe7 35. Rxe7 g4 36. Be2 Rxc3 37. e5 f3 38. gxf3 gxf3 39. Bf1 f2+ 40.
Kh2 Rcf3 41. e6 R3f6 42. Rf7 Bxe6 43. Rxf6 Rxf6 44. Rd6 Rg6 45. Ra6 h5 46. Rd6
Kg7 47. Rd2 Rg4 48. Rxf2 Ra4 49. Kg3 Bxa2 50. Rf4 Ra5 51. Bg2 Bf7 52. Bc6 Rc5
53. Ba4 Be6 54. Kh4 Bg4 55. Be8 Re5 56. Bc6 a5 57. Bf3 Bxf3 58. Rxf3 a4 59. Ra3
Ra5 60. Kg3 Kf6 61. Kf4 Rg5 62. Ke4 Rg4+ 63. Kf3 Rb4 64. Kf2 Kf5 65. Rc3 Rb2+
66. Kg1 h4 67. Rc5+ Ke6 68. Ra5 Rb4 69. Kg2 Kd6 70. Kh3 Kc6 71. Ra8 Rc4 0-1

[Event "22nd Oberwarter Open"]
[Site "Oberwart (Austria)"]
[Date "2000.07.13"]
[Round "6.14"]
[White "WADSACK, Wolfgang"]
[Black "KUMMER, Helmut"]
[Result "0-1"]
[WhiteElo "2133"]
[BlackElo "2390"]
[PlyCount "66"]
[EventDate "2000.07.13"]

1. e4 e5 2. Nc3 Nf6 3. Nf3 Nc6 4. d4 exd4 5. Nxd4 Bb4 6. Nxc6 bxc6 7. Bd3 d5 8.
exd5 cxd5 9. O-O O-O 10. Bg5 c6 11. Qf3 Be7 12. Rae1 Re8 13. Nd1 h6 14. Bd2 Bg4
15. Qg3 Qd7 16. f3 Bf5 17. Bc3 Nh5 18. Bxf5 Bc5+ 19. Nf2 Qxf5 20. Qc7 Qg6 21.
g3 Rxe1 22. Rxe1 Qxc2 23. Rf1 Qg6 24. Kg2 Re8 25. Rc1 Bb6 26. Qd7 Nf4+ 27. Kh1
Rd8 28. Qe7 Qe6 29. Qxd8+ Bxd8 30. gxf4 Qe3 31. Rc2 Qxf3+ 32. Kg1 Bb6 33. Kf1
d4 0-1

[Event "22nd Oberwarter Open"]
[Site "Oberwart (Austria)"]
[Date "2000.07.13"]
[Round "6.15"]
[White "WITTMANN, Walter"]
[Black "NEULINGER, Manfred"]
[Result "1/2-1/2"]
[WhiteElo "2380"]
[BlackElo "2286"]
[PlyCount "41"]
[EventDate "2000.07.13"]

1. e4 c6 2. d4 d5 3. Nc3 dxe4 4. Nxe4 Bf5 5. Ng3 Bg6 6. h4 h6 7. Nf3 Nf6 8. Ne5
Bh7 9. Bd3 Bxd3 10. Qxd3 e6 11. Bd2 Nbd7 12. f4 Be7 13. O-O-O O-O 14. Qe2 c5
15. dxc5 Nxc5 16. Kb1 Qc7 17. Be3 Rad8 18. Nh5 Nce4 19. Nxf6+ Bxf6 20. Qf3 Bxe5
21. Qxe4 {.} 1/2-1/2